Vainqueurs de la Supercoupe d'Allemagne de football - Mort subite - Statistiques

Statistiques générales
  • Ce quiz a été pris 94 fois
  • Le résultat moyen est 4 sur 9
Answers on the Grid
Answers color-coded by a green-red scale on the quiz's grid according to % correct below.
TSG Hoffenheim
FC Heidenheim
SC Fribourg
FC Augsbourg
FSV  Mayence
Borussia Mönchengladbach
1. FC Union Berlin
VfL Bochum
FC St. Pauli
Holstein Kiel
SC Paderborn
Fortuna Düsseldorf
Karlsruher SC
Hambourg SV
SV Elversberg
Hanovre 96
1. FC Cologne
FC Magdebourg
Eintracht Brunswick
Greuther Fürth
SV Darmstadt 98
1. FC Kaiserslautern
Bayer Leverkusen
Bayern Munich
Borussia Dortmund
RB Leipzig
Schalke 04
VfB Stuttgart
VfL Wolfsburg
Werder Brême
 
Statistiques - réponses
Réponse % Correct
Bayern Munich
82%
Borussia Dortmund
68%
Bayer Leverkusen
58%
RB Leipzig
42%
VfB Stuttgart
35%
Schalke 04
32%
VfL Wolfsburg
22%
Werder Brême
22%
1. FC Kaiserslautern
3%
Aucun quiz correspondant
Distribution des résultats
% des personnes avec chaque résultat
Percentile par nombre de réponses
Votre historique - résultats
Vous n’avez pas pris ce quiz